| 000 | 00584nam a2200181 a 4500 | ||
|---|---|---|---|
| 001 | 000002621 | ||
| 005 | 20260119095730.0 | ||
| 008 | 090703s200u dr a 000 0 spa d | ||
| 040 | _aDO-SdBNP | ||
| 082 |
_a394 _bT266c |
||
| 100 | 1 |
_aTejeda, Melvin _d1982- _98266 |
|
| 245 | 1 | 3 |
_aEl beso : _bla clave para besar, tipos de besos y maneras de besar / _cMelvin Tejeda. |
| 260 |
_aBonao, Santo Domingo : _b[s.n.], _c[200?]. |
||
| 300 |
_a18 p. : _bil. ; _c22 cm. |
||
| 590 | _aLa biblioteca posee 3 ejemplares autografiados por el autor | ||
| 650 | 0 |
_aCortejo amoroso _98267 |
|
| 049 | _aBNPD | ||
| 999 |
_c2457 _d2457 |
||